Influencia de la caracterización de los estudiantes de tercer ciclo en la aplicación de metodologías para la potenciación de las inteligencias múltiples en el Centro Escolar Católico "Villa Los Ángeles" del municipio de San Vicente, departamento de San Vicente en el periodo comprendido de enero a agosto del año 2019. (Registro nro. 11923)

Detalles MARC
000 -LEADER
fixed length control field 00975nam a2200205Ia 4500
005 - FECHA Y HORA DE LA ÚLTIMA TRANSACCIÓN
control field 20240606163937.0
008 - FIXED-LENGTH DATA ELEMENTS--GENERAL INFORMATION
fixed length control field 240604s9999 xx 000 0 und d
040 ## - CATALOGING SOURCE
Original cataloging agency UPAN
Transcribing agency Biblioteca San Vicente
Description conventions RCAA2
041 ## - LANGUAGE CODE
Language code of text/sound track or separate title spa
082 ## - DEWEY DECIMAL CLASSIFICATION NUMBER
Classification number 153.9
Item number Cid
año de publicación 2019
100 ## - MAIN ENTRY--PERSONAL NAME
Personal name Del Cid Rivera, Glenda Nataly
Relator code aut.
245 #0 - TITLE STATEMENT
Title Influencia de la caracterización de los estudiantes de tercer ciclo en la aplicación de metodologías para la potenciación de las inteligencias múltiples en el Centro Escolar Católico "Villa Los Ángeles" del municipio de San Vicente, departamento de San Vicente en el periodo comprendido de enero a agosto del año 2019.
260 ## - PUBLICATION, DISTRIBUTION, ETC. (IMPRINT)
Place of publication, distribution, etc San Vicente:
Name of publisher, distributor, etc Universidad Panamericana,
Date of publication, distribution, etc 2019
300 ## - PHYSICAL DESCRIPTION
Extent 235 p.;
Dimensions 28 cm.
650 ## - SUBJECT ADDED ENTRY--TOPICAL TERM
Source of heading or term LEMB
Topical term or geographic name as entry element Metodología
General subdivision Inteligencias múltiples
9 (RLIN) 2
700 ## - ADDED ENTRY--PERSONAL NAME
Personal name Gómez Rivera, Delmi Lucero;
Relator code aut.
700 ## - ADDED ENTRY--PERSONAL NAME
Personal name López de Guillen, Elba Noemy;
Relator code aut.
700 ## - ADDED ENTRY--PERSONAL NAME
Personal name Molina Cruz, Zulema Beatriz
Relator code aut.
942 ## - ADDED ENTRY ELEMENTS (KOHA)
Koha item type Libros
Source of classification or shelving scheme Dewey Decimal Classification
Existencias
Withdrawn status Lost status Source of classification or shelving scheme Damaged status Not for loan Collection code Home library Current library Date acquired Total Checkouts Full call number Barcode Date last seen Copy number Price effective from Koha item type
    Dewey Decimal Classification     Tesario Biblioteca UPAN San Vicente Biblioteca UPAN San Vicente 04/06/2024   153.9 Cid 12101732 04/06/2024 01 04/06/2024 Trabajos de Grado